000 00415nam a2200169Ia 4500
008 230711s9999||||xx |||||||||||||| ||und||
041 _aENG
082 _a621.312
_bAR-P
100 _aArora,S.C
245 0 _aPower plant engineering
250 _a6th Ed.
260 _c2011
_aNew Delhi
_bDhanpat Rai & Co.(Pvt.)Ltd.
300 _a1336
650 _aElectrical Engineering
700 _aDomkundwar,S
942 _cBK
999 _c5488
_d5488